Riadenie nákladov, výnosov a ich vplyv na výsledok hospodárenia v stavebnej spoločnosti bakalárska práca

Saved in:
Bibliographic Details
Main Author: Bojkun, František
Corporate Author: Podnikovohospodárska fakulta EU so sídlom v Košiciach. Katedra finančného riadenia podniku
Other Authors: Feranecová, Adela, 1986-
Format: Book
Language:Slovak
Published: Košice 2015
Tags: Add Tag
No Tags, Be the first to tag this record!

MARC

LEADER 00000nbm a2200000 4500
001 0206365
005 20161212094638.2
041 0 |a slo 
044 |a SK 
245 1 0 |a Riadenie nákladov, výnosov a ich vplyv na výsledok hospodárenia v stavebnej spoločnosti  |b bakalárska práca  |c František Bojkun ; školiteľ: Adela Feranecová 
264 1 |a Košice  |c 2015 
300 |a 49 s. 
100 1 |a Bojkun, František 
700 1 |a Feranecová, Adela, 1986- 
710 2 |a Podnikovohospodárska fakulta EU so sídlom v Košiciach. Katedra finančného riadenia podniku